Rap-Album covers and their artists - Statistics

General Stats
  • This quiz has been taken 145 times
  • The average score is 13 of 16
Answer Stats
Picture Answer % Correct
Travis Scott
99%
Drake
98%
Kanye West
96%
J. Cole
93%
Kendrick Lamar
92%
50 Cent
91%
Eminem
91%
Future
87%
Juice WRLD
85%
Outkast
85%
21 Savage
83%
Playboi Carti
79%
Young Thug
79%
Gunna
65%
Lil Wayne
63%
Gucci Mane
29%
No matching quizzes found
Score Distribution
Percent of People with Each Score
Percentile by Number Answered
Your Score History
You have not taken this quiz